00869nam a2200205 a 450000100100000000500170001000800410002702000150006804000250008310000260010824000370013424501380017126000400030930000210034950000700037050400730044050400280051395201050054199900170064600004404920201002045120.0140514s1999 sp 000 0 spa d a842065445X aDO-SdBNPbspacBNPHU1 aBirkerts, Sven97203310aThe Gutenberg elegieslespañol10aElegía a Gutenberg :bel futuro de la lectura en la era electrónica /cSven Birkerts ; versión española de Daniel Manzanares. aMadrid :bAlianza Literaria,c1999. a295 p. ;c22 cm. aIncluye datos biográficos del autor en la solapa de la cubierta aIncluye referencias bibliográficas y notas al pie de las páginas aBibliografía : p. 295 001050718MOaGRbGRcCTd2014-05-14iLF1l0o p44049-10r2020-06-25w2020-06-25y1ZNo se presta c43538d43538